000 00671cam a2200181 a 4500
001 000014008
005 20240508200520.0
008 840926s1954 ag b 001 0 spa
040 _aDO-SdBNP
_bspa
_cBNPHU
082 _a341
_bG623s, 1954
100 1 _aGoldschmidt, Werner.
_931692
245 1 0 _aSistema y filosofía del derecho internacional privado :
_bcon especial consideracion del de España y de la América Luso-Hispánica /
_cWerner Goldschmidt.
250 _a2a ed.
260 _aBuenos Aires :
_bJuridicas Europa-América,
_c1954.
300 _a2v. ;
_c23 cm.
650 0 _aDerecho internacional
_93258
650 4 _aDerecho internacional privado
_zEspaña
_931693
999 _c13612
_d13612